Quizzes
Events
Quiz Creation
Community
Videos
Private Events
Remove Ads
Sign In
Join for FREE
Feedback
Dark Mode
Quiz Categories
Sports
Geography
Music
Movies
Television
Just For Fun
Miscellaneous
History
Literature
Language
Science
Gaming
Entertainment
Religion
Holiday
For Kids
Quiz Lab
Recent
Popular Today
Quiz Kudos Today
Editor Picks
Curator Picks
Quizzes by...
Day
Popularity
Type
Ratings
Length
Year
Community
Subscriptions
Recent Discussions
Orange Saloon
Badges
Playlists
Quests
Create
Leaderboards
Showdown
Live 5
Trivia Bingo
Activity
Puzzle Library
Sporcle Events
Private Events
Virtual Trivia
Globe League
Become a Host
Pub Owners
SporcleCon
Opinionation
Our Games
Videos
Blog
Mobile Apps
Partnerships
Remove Ads and Go Orange
Feedback
Sports
Athletes
MLB
NBA
NHL
NFL
Soccer
Sports Teams
WWE
NCAA
Football
Premier League
Basketball
Baseball
Hockey
Golf
Tennis
Cricket
Rugby
Auto Racing
Olympics
World Cup
Sports
Athletes
MLB
NBA
NHL
NFL
Soccer
Sports Teams
WWE
NCAA
Football
Premier League
Basketball
Baseball
Hockey
Golf
Tennis
Cricket
Rugby
Auto Racing
Olympics
World Cup
Random Quiz
Search Sporcle
×
Quiz Lab
Quiz Lab
Sports
opponent
Type in answers that appear in a list
Type in answers that appear in a list
Classic
Best Score? Go Orange.
Billy Gunn PPV Opponents Stats
Can you name the Billy Gunn PPV Opponents?
By
TheDynasty0
20m
222 Questions
382 Plays
382 Plays
382 Plays
Comments
Comments
Give Quiz Kudos
Give Quiz Kudos
-
- Ratings
hide this ad
Replay
Link that replays current quiz
Next Quiz
Link to next quiz in quiz playlist
You Got
0%
They Got
Avg Score
78%
Avg Friend Score
Upgrade to see
Score Distribution
Jump to the score distribution portion of the page
Score
0/222
Timer
20:00
1
Play Today
PPV
Opponents
% Correct
WWF Royal Rumble 1994 (Co-
Winner)
Bret Hart
98.4%
WWF WrestleMania XI 1995
Owen Hart
98.2%
WWF In Your House 10: Mind Games 1996
Owen Hart
98.2%
WWF In Your House 11: Buried Alive 1996
Owen Hart
98.2%
WWF No Way Out of Texas 1998
Owen Hart
98.2%
WWF Over the Edge 1998
Owen Hart
98.2%
WWF Backlash 1999
Owen Hart
98.2%
WWF Survivor Series 1996
Jesse James
97.1%
WWF In Your House 14: Revenge Of The 'Taker 1997
Jesse James
97.1%
WWF Over the Edge 1999
Road Dogg
97.1%
WWF Fully Loaded 1999
Road Dogg
97.1%
WWF SummerSlam 1999
The Rock
97.1%
WWF Armageddon 1999
The Rock
97.1%
WWF Royal Rumble 2000 (Winner)
The Rock
97.1%
WWF No Way Out of Texas 1998
Steve Austin
96.6%
WWF Royal Rumble 2001 (Winner)
Steve Austin
96.6%
WWF In Your House 4: Great White North 1995
123 Kid
96.3%
WWF King of the Ring 1999
X-Pac
96.3%
WWF Fully Loaded 1999
X-Pac
96.3%
WWF No Way Out 2000
Bubba Ray Dudley
96.3%
WWF WrestleMania X8 2002
Bubba Ray Dudley
96.3%
TNA Sacrifice 2006
Brother Ray
96.3%
TNA Slammiversary 2006
Brother Ray
96.3%
TNA Victory Road 2006
Brother Ray
96.3%
TNA Bound For Glory 2006
Brother Ray
96.3%
WWF No Way Out of Texas 1998
Cactus Jack
96.1%
WWF WrestleMania XIV 1998
Cactus Jack
96.1%
WWF SummerSlam 1998
Mankind
96.1%
WWF No Mercy 1999
Mankind
96.1%
WWF Survivor Series 1999
Mankind
96.1%
WWF Armageddon 1999
Mankind
96.1%
WWF No Way Out 2000
D-Von Dudley
96.1%
WWF WrestleMania X8 2002
D-Von Dudley
96.1%
TNA Sacrifice 2006
Brother Devon
96.1%
TNA Slammiversary 2006
Brother Devon
96.1%
TNA Victory Road 2006
Brother Devon
96.1%
TNA Bound For Glory 2006
Brother Devon
96.1%
TNA Genesis 2009
Brother Devon
96.1%
TNA Genesis 2009
Mick Foley
96.1%
WWF Royal Rumble 2002 (Winner)
Triple H
95.8%
WWF No Way Out 2002
Jeff Hardy
95.8%
WWF No Way Out 2002
Matt Hardy
95.8%
WWF WrestleMania X8 2002
Jeff Hardy
95.8%
WWF WrestleMania X8 2002
Matt Hardy
95.8%
WWF Royal Rumble 1995 (Winner)
Shawn Michaels
95.5%
WWF Survivor Series 1997
Blackjack Bradshaw
95.3%
WWF Royal Rumble 2000
Bradshaw
95.3%
WWF No Way Out 2002
Bradshaw
95.3%
WWF WrestleMania X8 2002
Bradshaw
95.3%
TNA Victory Road 2006
Brother Runt
95.3%
WWF Royal Rumble 2000
Faarooq
94.5%
WWF Survivor Series 2000
Chris Benoit
94.5%
WWF Armageddon 2000
Chris Benoit
94.5%
WWF No Way Out 2002
Faarooq
94.5%
WWF WrestleMania X8 2002
Faarooq
94.5%
WWE Royal Rumble 2004 (Winner)
Chris Benoit
94.5%
WWF Unforgiven 1999
Christian
94%
WWF King of the Ring 1993
Fatu
93.7%
WWF SummerSlam 1993
Fatu
93.7%
WWF Breakdown 1998
Jeff Jarrett
93.7%
WWF Backlash 1999
Jeff Jarrett
93.7%
WWE Judgment Day 2002
Rikishi
93.7%
WWF In Your House 10: Mind Games 1996
The British Bulldog
93.5%
WWF In Your House 11: Buried Alive 1996
The British Bulldog
93.5%
WWF Unforgiven 1999
Edge
93.5%
WWF Royal Rumble 1994 (Co-
Winner)
Lex Luger
92.4%
WWF In Your House 4: Great White North 1995
Razor Ramon
92.1%
WWF Survivor Series 1996
Bob Holly
92.1%
WWF King of the Ring 1998
Bombastic Bob
92.1%
WWF Royal Rumble 1999 (Winner)
Mr. McMahon
92.1%
WWF WrestleMania XV 1999
Hardcore Holly
92.1%
WWF No Mercy 1999
Hardcore Holly
92.1%
WWF Survivor Series 2000
Eddie Guerrero
92.1%
WWF Rebellion 2000
Eddie Guerrero
92.1%
PPV
Opponents
% Correct
WWF Over the Edge 1998
D'Lo Brown
91.9%
WWF Survivor Series 1998
D'Lo Brown
91.9%
WWF Capital Carnage 1998
D'Lo Brown
91.9%
WWF Survivor Series 2001 (Winner)
Test
91.9%
WWF No Mercy 1999
Crash Holly
91.4%
WWF WrestleMania XI 1995
Yokozuna
90.6%
WWF Rock Bottom 1998
Big Boss Man
90.6%
WWF Survivor Series 1996
Bart Gunn
90.3%
WWF King of the Ring 1998
Bodacious Bart
90.3%
WWF Rock Bottom 1998
Ken Shamrock
90.3%
WWF Royal Rumble 1999
Ken Shamrock
90.3%
WWF King of the Ring 1999
Ken Shamrock
90.3%
WWF No Way Out of Texas 1998
Chainsaw Charlie
90.1%
WWF WrestleMania XIV 1998
Chainsaw Charlie
90.1%
WWF King of the Ring 1999
Kane
90.1%
WWF SummerSlam 1996
Leif Cassidy
89.8%
WWF WrestleMania XV 1999
Al Snow
89.8%
WWF Survivor Series 1999
Al Snow
89.8%
WWF Survivor Series 2000
Perry Saturn
89.3%
WWF Survivor Series 2000
Dean Malenko
88.5%
WWF Rebellion 2000
Dean Malenko
88.5%
WWF In Your House 19: D-
Generation X 1997
Animal
88%
WWF Royal Rumble 1998
Animal
88%
WWF Mayhem in Manchester 1998
Animal
88%
WWF Unforgiven 1998
Animal
88%
WWF Survivor Series 1998
Mark Henry
88%
WWF Capital Carnage 1998
Mark Henry
88%
TNA Lockdown 2005
Sean Waltman
88%
JCW Legends & Icons 2011
X-Pac
88%
WWF In Your House 19: D-
Generation X 1997
Hawk
87.7%
WWF Royal Rumble 1998
Hawk
87.7%
WWF Mayhem in Manchester 1998
Hawk
87.7%
WWF Unforgiven 1998
Hawk
87.7%
TNA No Surrender 2007 (Winner)
AJ Styles
87.4%
TNA Genesis 2009
AJ Styles
87.4%
TNA Turning Point 2007
Senshi
87.2%
WWF Backlash 2002
Al Snow
85.6%
WWF Royal Rumble 1996
Skip
85.1%
WWF In Your House 9: International Incident 1996
Skip
85.1%
WWF SummerSlam 1996
Skip
85.1%
WWF Survivor Series 1997
Mosh
84.8%
WWF Judgment Day 1998
Mosh
84.8%
WWF Survivor Series 1998
Mosh
84.8%
WWF Survivor Series 1997
Thrasher
84.3%
WWF Judgment Day 1998
Thrasher
84.3%
WWF Survivor Series 1998
Thrasher
84.3%
WWF King of the Ring 1996
Henry O. Godwinn
83.5%
WWF SummerSlam 1996
Henry O. Godwinn
83.5%
WWF Breakdown 1998
Henry O. Godwinn
83.5%
WWF King of the Ring 1996
Phineas I. Godwinn
83.2%
WWF SummerSlam 1996
Phineas I. Godwinn
83.2%
WWF Over the Edge 1998
The Godfather
83%
WWF Survivor Series 1994
Tom Prichard
82.7%
WWF Royal Rumble 1996
Zip
82.7%
WWF In Your House 9: International Incident 1996
Zip
82.7%
WWF SummerSlam 1996
Zip
82.7%
TNA Bound For Glory 2006
James Storm
82.5%
WWF King of the Ring 1993
Samu
81.7%
WWF SummerSlam 1993
Samu
81.7%
WWF SummerSlam 1996
Marty Jannetty
80.4%
TNA Destination X 2005
Kevin Nash
80.4%
TNA Turning Point 2005
Bobby Roode
80.4%
JCW Legends & Icons 2011
Kevin Nash
80.4%
WWF No Mercy 2000
Val Venis
79.6%
WWF King of the Ring 1993
Irwin R. Schyster
78.8%
WWF King of the Ring 1993
Ted DiBiase
78.5%
TNA Turning Point 2007
Scott Steiner
75.1%
WWF SummerSlam 1993
Bam Bam Bigelow
74.3%
WWF Survivor Series 1994
Bam Bam Bigelow
74.3%
TNA Hard Justice 2005 (Winner)
Abyss
74.3%
WWF Survivor Series 1997
Blackjack Windham
73.6%
WWE Judgment Day 2002
Rico
72%
WWE Judgment Day 2004
Rico
72%
TNA Bound For Glory 2006
Chris Harris
72%
PPV
Opponents
% Correct
TNA Turning Point 2007
Chris Harris
72%
WWF Survivor Series 1994
Jimmy Del Ray
71.7%
WWF Survivor Series 1994
Tatanka
70.2%
WWF InVasion 2001
Shawn Stasiak
70.2%
TNA Lockdown 2005
BG James
70.2%
TNA Turning Point 2007
BG James
70.2%
TNA Lockdown 2008
BG James
70.2%
WWF Breakdown 1998
Dennis Knight
69.6%
TNA Bound For Glory 2005
Rhino
69.1%
TNA Bound for Glory IV 2008
Rhino
69.1%
WWE Judgment Day 2004
Charlie Haas
68.6%
TNA Turning Point 2005
Eric Young
68.6%
TNA Bound for Glory 2007 (Winner)
Eric Young
68.6%
TNA Final Resolution 2006
David Young
67.8%
TNA Hard Justice 2005
Ron Killings
67.5%
TNA Slammiversary 2005
Ron Killings
67.5%
TNA No Surrender 2005
Ron Killings
67.5%
TNA Sacrifice 2005
Ron Killings
67.5%
WWF InVasion 2001
Chris Kanyon
66.8%
TNA Hard Justice 2007
Hernandez
66%
TNA Turning Point 2007
Hernandez
66%
TNA Turning Point 2007
Jimmy Rave
66%
TNA Sacrifice 2008
Hernandez
66%
WWF InVasion 2001
Hugh Morrus
64.1%
TNA Against All Odds 2006
Homicide
63.1%
TNA Destination X 2006
Homicide
63.1%
TNA Hard Justice 2007
Homicide
63.1%
TNA Turning Point 2007
Homicide
63.1%
TNA Sacrifice 2008
Homicide
63.1%
WWF Survivor Series 1994
King Kong Bundy
62.3%
TNA No Surrender 2005
Konnan
62.3%
TNA Sacrifice 2005
Konnan
62.3%
TNA Destination X 2006
Konnan
62.3%
WWE Unforgiven 2002
Jamal
62%
TNA Lockdown 2005
Diamond Dallas Page
62%
TNA Hard Justice 2005
Diamond Dallas Page
62%
WWF No Mercy 2000
Steven Richards
61.8%
WWF Backlash 2002
Maven
61.5%
TNA Genesis 2006
Kazarian
60.5%
WWE Unforgiven 2002
Rosey
59.4%
TNA Turning Point 2005
Petey Williams
58.1%
TNA Turning Point 2007
Petey Williams
58.1%
WWF SummerSlam 1995
Eli Blu
56.5%
WWF SummerSlam 1995
Jacob Blu
56.5%
WWF Survivor Series 1996
Aldo Montoya
51.8%
TNA No Surrender 2007 (Winner)
Tomko
51.3%
TNA Sacrifice 2007
Basham
48.2%
TNA Sacrifice 2007
Damaja
48.2%
TNA Slammiversary 2007
Basham
48.2%
TNA Slammiversary 2007
Damaja
48.2%
TNA Victory Road 2007
Damaja
48.2%
TNA Victory Road 2007
Basham
48.2%
TNA Final Resolution 2006
Elix Skipper
46.6%
TNA Turning Point 2007
Elix Skipper
46.6%
TNA No Surrender 2006 (Winner)
Andy Douglas
44.8%
TNA Bound For Glory 2006
Andy Douglas
44.8%
TNA Unbreakable 2005
Lance Hoyt
42.4%
TNA Turning Point 2007
Lance Hoyt
42.4%
WWE The Great American Bash 2004
Kenzo Suzuki
40.3%
WWE Vengeance 2003
Jamie Noble
39.8%
TNA Turning Point 2005
A1
39.5%
TNA Turning Point 2007
Shark Boy
38.5%
TNA No Surrender 2006 (Winner)
Chase Stevens
35.9%
TNA Bound For Glory 2006
Chase Stevens
35.9%
TNA Turning Point 2007
Sonjay Dutt
32.7%
TNA Genesis 2006
Maverick Matt
27.5%
TNA Against All Odds 2006
Machete
27%
TNA Destination X 2006
Machete
27%
TNA Genesis 2006
Johnny Devine
26.4%
TNA Destination X 2007
Antonio Thomas
24.3%
TNA Destination X 2007
Romeo Roselli
23.3%
TNA Unbreakable 2005
Apolo
20.9%
TNA Bound for Glory IV 2008
ODB
20.9%
TNA Bound for Glory IV 2008
Rhaka Khan
14.7%
Quiz Playlist
Details
Report
Send in Message
Add To Playlist
Classic:
Type in answers that appear in a list
Last Updated: Feb 16, 2017
Quiz Scoreboard
CHALLENGE
Sign Up to Join the Scoreboard
Show All
Scores
Hide
Comments
May contain spoilers
Recently Published
9x9 Crossword: Cartoon Network
by jackfrog10
Miscellaneous
3m
College Basketball Coaching Resumes
by pancakes188
Sports
9m
Billboard Blitz: Fleetwood Mac
by CooCooCachoo
Music
15s
More to Explore
Quiz From the Vault
Featured Blog Post
Where Did the Easter Bunny Come From?
hide this ad
You Might Also Like...
Tags
Billy
Billy Gunn
gunn
opponent
PPV
PPV Opponents
Today's Top Quizzes in Sports
Browse Sports
hide this ad
Today's Top Quizzes in opponent
Browse opponent
Top Contributed Quizzes in Sports
1
2022 World Cup Stars
2
Les meilleurs buteurs des matchs entre le PSG et l’OM
3
FIFA Club World Cup Champions
4
Les entraîneurs de l'OM et du PSG au 21e siècle
5
Criteria MLB: Left Handed Sluggers
6
AFC Teams Reveal (Wrong Answers Minefield)
7
2023 MLB Unique Player Accomplishments
8
5-to-1: FBS Animal Nicknames
9
Players with Multiple 50 Home Run Seasons
10
5-to-1: UK Sports Teams
Explore More
Trending Topics
Marvel
NBA
Disney
Crossword
Anime
Kpop
Harry Potter
WWE
NFL
The Office
Puzzle
Song
Soccer
Pokémon
Country
hide this ad
More By:
TheDynasty0
Quiz
Plays
Rating
Category
Featured
Created
Seattle Mariners Opening Day Starting Pitchers
19,057
4.49
Sports
Apr 6, 2012
Toronto Blue Jays Opening Day Starting Pitchers
15,933
4.69
Sports
Apr 5, 2012
Daniel Bryan WWE PPV Opponents
5,940
4.31
Sports
Jul 19, 2012
Wrestlers who have had a WWE Championship PPV Match
5,146
4.58
Sports
Sep 8, 2012
2013 PWI 500 (Top 100)
3,864
4.31
Sports
Aug 22, 2013
Go to Creator's Profile
Score Distribution
Quiz Creator Spotlight
TheDynasty0
Follow
Send a Message
Quizzes Created
-
Created Quiz Play Count
-
More By This Creator
Popular Quizzes Today
1
Find the US States - No Outlines Minefield
2
Find the Countries of Europe - No Outlines Minefield
3
The Countries of the World
4
Find the US States
5
Risky Map Clicking: Biggest States A-Z
6
US States
7
Popular People in 1961
8
Movies - When Are They Set?
More Sports Quizzes
19/20 Chelsea Players by Transfermarkt Value
Quiz Lab
Trending Quizzes
Risky Map Clicking: Least Populous States A-Z
1-10 Letter G Words
1-10 Letter F Words
Risky Map Clicking: Next State Alphabetically
Adjectives in 80s TV Shows
Recently Updated
Leaping Animals
pecheneg
Reality TV Shows (A-Z)
bhenderson79
Rickey Henderson's Hall of Fame Teammates
pecheneg
Champions League XIs: Arsenal
pecheneg
Quick Pick: Celebrities in WWE's Hall of Fame
aduchscher
A-Z Keypad Blitz II
pecheneg
Multiple Oscar Actors
pecheneg
Mystery Phrase Blitz: Oscar 'Best Actors'
pecheneg
F. Scott Fitzgerald Novels
LTH
Pick 3 Villains
ddd62291
Trending Topics
Kpop
NBA
Anime
Marvel
Harry Potter
Disney
Crossword
Soccer
Song
Puzzle
Pokémon
WWE
The Office
Country
NFL
Your Account Isn't Verified!
In order to create a playlist on Sporcle, you need to verify the email address you used during registration. Go to your
Sporcle Settings
to finish the process.
Report this User
Report this user for behavior that violates our
Community Guidelines
.
Details:
Send Report
Go to the Sporcle.com Mobile Site →
Comments